[Event "26. Copenhagen Open  (Politiken Cup)"]
[Site "Taastrup"]
[Date "2004.07.25"]
[Round "2"]
[White "Reppen, Ellisiv"]
[Black "Pedersen, Gunnar"]
[Result "0-1"]
[WhiteElo "1668"]
[BlackElo "2251"]
[PlyCount "84"]
[EventDate "2004.07.24"]
[EventType "swiss"]
[EventRounds "10"]
[EventCountry "DEN"]
[SourceDate "2004.01.01"]

1. e4 c5 2. Nf3 Nc6 3. d4 cxd4 4. Nxd4 Qb6 5. Nxc6 bxc6 6. Bd3 g6 7. O-O Bg7 8.
c3 d6 9. Qe2 Nf6 10. h3 O-O 11. Be3 Qc7 12. Nd2 Bb7 13. f4 c5 14. b4 Nd7 15.
Rac1 Rfc8 16. a4 a5 17. Bb5 axb4 18. cxb4 Bb2 19. Rc2 Ba3 20. Rb1 Qd8 21. bxc5
Bxc5 22. Bxc5 Nxc5 23. Rb4 Ne6 24. Rxc8 Rxc8 25. f5 Qb6+ 26. Qf2 Rc1+ 27. Nf1
Qxf2+ 28. Kxf2 Rc2+ 29. Ke3 gxf5 30. Bd3 f4+ 31. Kf3 Rc3 32. Rxb7 Rxd3+ 33. Ke2
Ra3 34. Ra7 Nd4+ 35. Kf2 Ra2+ 36. Kg1 e5 37. a5 f5 38. Ra8+ Kg7 39. exf5 e4 40.
a6 e3 41. a7 Nxf5 42. Nxe3 Nxe3 0-1

[Event "26. Copenhagen Open  (Politiken Cup)"]
[Site "Taastrup"]
[Date "2004.07.25"]
[Round "2"]
[White "Richards, Heather"]
[Black "Mossin, Ivar Alexander"]
[Result "1-0"]
[WhiteElo "2219"]
[BlackElo "1000"]
[PlyCount "63"]
[EventDate "2004.07.24"]
[EventType "swiss"]
[EventRounds "10"]
[EventCountry "DEN"]
[SourceDate "2004.01.01"]

1. e4 e6 2. d4 d5 3. Nc3 Bb4 4. e5 c5 5. Bd2 cxd4 6. Nb5 Bxd2+ 7. Qxd2 Nc6 8.
f4 Nge7 9. Nd6+ Kf8 10. Nf3 Nf5 11. Nxf5 exf5 12. Nxd4 Be6 13. c3 g6 14. Be2
Kg7 15. O-O-O Qa5 16. Kb1 Rhc8 17. h3 Nxd4 18. Qxd4 Qc5 19. Bf3 Qxd4 20. Rxd4
Rc5 21. Rhd1 Rd8 22. c4 f6 23. cxd5 fxe5 24. fxe5 Bc8 25. Re1 f4 26. e6 Kf6 27.
Rxf4+ Ke7 28. Rf7+ Kd6 29. Rxh7 a6 30. Rg7 Rxd5 31. Bxd5 Kxd5 32. Rd1+ 1-0

[Event "26. Copenhagen Open  (Politiken Cup)"]
[Site "Taastrup"]
[Date "2004.07.25"]
[Round "2"]
[White "Roder, Peter"]
[Black "Miezis, Normunds"]
[Result "0-1"]
[WhiteElo "2166"]
[BlackElo "2502"]
[PlyCount "88"]
[EventDate "2004.07.24"]
[EventType "swiss"]
[EventRounds "10"]
[EventCountry "DEN"]
[SourceDate "2004.01.01"]

1. d4 Nf6 2. c4 c5 3. d5 e6 4. Nc3 exd5 5. cxd5 Bd6 6. e4 O-O 7. Bd3 Re8 8. f3
a6 9. a4 Bc7 10. Nge2 d6 11. O-O Nbd7 12. Bg5 h6 13. Bh4 Ne5 14. f4 Ng6 15. Bg3
c4 16. Bc2 Ng4 17. Qd2 Bb6+ 18. Nd4 Bc5 19. Kh1 Qb6 20. a5 Qa7 21. Nce2 Nf6 22.
f5 Nf8 23. Rf4 N8h7 24. Ra4 Ng5 25. Rxc4 Ngxe4 26. Bxe4 Nxe4 27. Qd3 Nf6 28. b4
Bxd4 29. Rfxd4 Bxf5 30. Qxf5 Rxe2 31. h3 b5 32. axb6 Qxb6 33. Rh4 Rae8 34. Kh2
Qe3 35. Bxd6 Rxg2+ 36. Kxg2 Qd2+ 37. Qf2 Re2 38. Bg3 Qxd5+ 39. Kf1 Rxf2+ 40.
Kxf2 Qd2+ 41. Kf3 Qd3+ 42. Kf2 Nd5 43. Rcd4 Qe3+ 44. Kg2 Qe2+ 0-1

[Event "26. Copenhagen Open  (Politiken Cup)"]
[Site "Taastrup"]
[Date "2004.07.25"]
[Round "2"]
[White "Rohrmueller, Ulrich"]
[Black "Skovgaard, Tom"]
[Result "1/2-1/2"]
[WhiteElo "2260"]
[BlackElo "2079"]
[PlyCount "82"]
[EventDate "2004.07.24"]
[EventType "swiss"]
[EventRounds "10"]
[EventCountry "DEN"]
[SourceDate "2004.01.01"]

1. d4 Nf6 2. c4 e6 3. Nc3 Bb4 4. e3 c5 5. Bd3 Nc6 6. Nf3 Bxc3+ 7. bxc3 d6 8. e4
h6 9. Qc2 e5 10. dxc5 dxc5 11. Nd2 Nh5 12. g3 Bh3 13. Be2 Nf6 14. f3 Nh7 15.
Rb1 b6 16. Qa4 Rc8 17. Nf1 Bxf1 18. Kxf1 O-O 19. Kg2 Qe7 20. Rd1 Qe6 21. Qc2
Na5 22. Rd5 Nf6 23. Be3 Nxd5 24. cxd5 Qd7 25. c4 Nb7 26. Rf1 Nd6 27. f4 f6 28.
h3 Rb8 29. a4 Qc7 30. Bd2 a6 31. Bc3 Qe7 32. Bd3 Rfe8 33. Qe2 Qd7 34. fxe5 fxe5
35. Qh5 Qe7 36. Bd2 Rf8 37. Rb1 Rb7 38. Be3 Re8 39. Qg4 Kh8 40. Qh5 Kg8 41. Qg4
Kh8 1/2-1/2

[Event "26. Copenhagen Open  (Politiken Cup)"]
[Site "Taastrup"]
[Date "2004.07.25"]
[Round "2"]
[White "Rosenkilde, Alexander"]
[Black "Scherwin, Claes"]
[Result "1-0"]
[WhiteElo "1989"]
[BlackElo "1444"]
[PlyCount "31"]
[EventDate "2004.07.24"]
[EventType "swiss"]
[EventRounds "10"]
[EventCountry "DEN"]
[SourceDate "2004.01.01"]

1. d4 Nf6 2. c4 g6 3. Nc3 Bg7 4. Nf3 d6 5. e4 Bg4 6. Be2 Nbd7 7. h3 Bxf3 8.
Bxf3 O-O 9. O-O c5 10. Be3 Qc7 11. Rc1 Rac8 12. b3 Rfd8 13. Qe2 a6 14. Rfd1 Nb8
15. e5 Ne8 16. Nd5 1-0

[Event "26. Copenhagen Open  (Politiken Cup)"]
[Site "Taastrup"]
[Date "2004.07.25"]
[Round "2"]
[White "Royset, Paal"]
[Black "Laato, Samuli"]
[Result "1-0"]
[WhiteElo "2232"]
[BlackElo "1667"]
[PlyCount "39"]
[EventDate "2004.07.24"]
[EventType "swiss"]
[EventRounds "10"]
[EventCountry "DEN"]
[SourceDate "2004.01.01"]

1. e4 c5 2. c3 d5 3. exd5 Qxd5 4. d4 Nc6 5. Nf3 Bg4 6. Be2 e6 7. h3 Bh5 8. c4
Qd7 9. d5 exd5 10. cxd5 Nb4 11. Nc3 O-O-O 12. O-O Nxd5 13. Nxd5 Qxd5 14. Qa4
Qe6 15. Be3 Kb8 16. Ng5 Qg6 17. g4 Bxg4 18. hxg4 h6 19. Rad1 Rc8 20. Qf4+ 1-0

[Event "26. Copenhagen Open  (Politiken Cup)"]
[Site "Taastrup"]
[Date "2004.07.25"]
[Round "2"]
[White "Rozentalis, Eduardas"]
[Black "Malmdin, Nils Ake"]
[Result "1-0"]
[WhiteElo "2619"]
[BlackElo "2187"]
[PlyCount "110"]
[EventDate "2004.07.24"]
[EventType "swiss"]
[EventRounds "10"]
[EventCountry "DEN"]
[SourceDate "2004.01.01"]

1. e4 d6 2. d4 Nf6 3. Nc3 g6 4. Nf3 Bg7 5. Be2 O-O 6. O-O c6 7. a4 a5 8. h3
Nbd7 9. e5 Ne8 10. Re1 Nb6 11. Bf1 Nc7 12. exd6 exd6 13. Ne4 Ne6 14. b3 d5 15.
Ng3 Nd7 16. c3 b6 17. Ra2 Bb7 18. Bd3 Qc7 19. Rae2 Nf4 20. Re7 Nxd3 21. Qxd3
Ba6 22. Qe3 Qd6 23. Qf4 Qxf4 24. Bxf4 Nf6 25. Bc7 b5 26. Ne5 bxa4 27. bxa4 h5
28. h4 Bc4 29. Nxc6 Bb3 30. Ra1 Rfc8 31. Ne5 Ra7 32. Bd6 Rxe7 33. Bxe7 Rxc3 34.
Bd8 Ng4 35. Bxa5 Rc8 36. Nxg4 hxg4 37. Bb6 Bc4 38. a5 Ba6 39. Nf1 Bh6 40. Bc5
Rb8 41. Re1 Bf4 42. Ne3 g3 43. Bb6 Rc8 44. Nf1 gxf2+ 45. Kxf2 Rc2+ 46. Kf3 Bc7
47. Ne3 Rc3 48. Bxc7 Rxc7 49. Kf2 Bb7 50. Rb1 Kg7 51. Rb6 Ba8 52. a6 Re7 53. g4
Re6 54. Rxe6 fxe6 55. Kg3 g5 1-0

[Event "26. Copenhagen Open  (Politiken Cup)"]
[Site "Taastrup"]
[Date "2004.07.25"]
[Round "2"]
[White "Sagafos, Magne"]
[Black "Schmidt, Horst Hubert"]
[Result "1-0"]
[WhiteElo "2242"]
[BlackElo "1878"]
[PlyCount "59"]
[EventDate "2004.07.24"]
[EventType "swiss"]
[EventRounds "10"]
[EventCountry "DEN"]
[SourceDate "2004.01.01"]

1. e4 e5 2. Nf3 Nc6 3. d4 exd4 4. Bc4 h6 5. O-O d6 6. Nxd4 Nxd4 7. Qxd4 Qf6 8.
Qe3 Be6 9. Bb3 Ne7 10. Nc3 Bxb3 11. axb3 Nc6 12. Nd5 Qd8 13. b4 a5 14. bxa5
Rxa5 15. Rxa5 Nxa5 16. Qa7 c5 17. Bd2 Nc6 18. Qxb7 Qd7 19. Qa8+ Nd8 20. Ra1 Qc6
21. Qb8 Qb7 22. Ra8 Qxb8 23. Rxb8 Kd7 24. Ba5 Nc6 25. Rb7+ Ke6 26. Bc3 Nd4 27.
Nf4+ Ke5 28. Rxf7 Kxe4 29. Bxd4 Kxd4 30. Rxf8 1-0

[Event "26. Copenhagen Open  (Politiken Cup)"]
[Site "Taastrup"]
[Date "2004.07.25"]
[Round "2"]
[White "Schou Moldt, Thomas"]
[Black "Frisk, Hans"]
[Result "1-0"]
[WhiteElo "2248"]
[BlackElo "1960"]
[PlyCount "51"]
[EventDate "2004.07.24"]
[EventType "swiss"]
[EventRounds "10"]
[EventCountry "DEN"]
[SourceDate "2004.01.01"]

1. e4 e5 2. Nf3 Nc6 3. Bb5 f5 4. d4 fxe4 5. Nxe5 Nxe5 6. dxe5 c6 7. Nc3 d5 8.
exd6 Nf6 9. Bc4 Bg4 10. f3 exf3 11. gxf3 Bh3 12. Qe2+ Kd7 13. Be3 Qa5 14. O-O-O
Re8 15. Qf2 g6 16. Rhe1 Bg7 17. Bxa7 Rxe1 18. Rxe1 Re8 19. Re7+ Rxe7 20. dxe7
Nd5 21. Nxd5 cxd5 22. Qe2 Bh6+ 23. Kb1 Be6 24. e8=Q+ Kxe8 25. Qxe6+ Kf8 26.
Bxd5 1-0

[Event "26. Copenhagen Open  (Politiken Cup)"]
[Site "Taastrup"]
[Date "2004.07.25"]
[Round "2"]
[White "Schonberg, Pauli"]
[Black "Helin, Mikael"]
[Result "0-1"]
[WhiteElo "1421"]
[BlackElo "1939"]
[PlyCount "76"]
[EventDate "2004.07.24"]
[EventType "swiss"]
[EventRounds "10"]
[EventCountry "DEN"]
[SourceDate "2004.01.01"]

1. e4 c5 2. Nf3 e6 3. Nc3 a6 4. d3 Qc7 5. Be3 Ne7 6. g3 Ng6 7. Bg2 b5 8. Ne2
Nc6 9. O-O h5 10. d4 cxd4 11. Nfxd4 Nce5 12. h3 Nc4 13. Bc1 Bb7 14. b3 Na3 15.
Bb2 Rc8 16. Qd2 e5 17. Nf5 Qxc2 18. Rfd1 d5 19. Bxa3 Bxa3 20. Nxg7+ Kf8 21. Nf5
d4 22. Qa5 Qc5 23. Rac1 Bb4 24. Rxc5 Bxa5 25. Rxc8+ Bxc8 26. Nd6 Kg7 27. Rd3
Rd8 28. Nf5+ Kf6 29. f4 h4 30. Nh6 hxg3 31. fxe5+ Nxe5 32. Rd1 Kg5 33. Nf5 Bxf5
34. exf5 d3 35. Nxg3 d2 36. Bf1 Kf4 37. Kh2 Nf3+ 38. Kg2 Rg8 0-1

[Event "26. Copenhagen Open  (Politiken Cup)"]
[Site "Taastrup"]
[Date "2004.07.25"]
[Round "2"]
[White "Serrano, Jose Manuel Garcia"]
[Black "Laato, Tuomas"]
[Result "1-0"]
[WhiteElo "1988"]
[BlackElo "1394"]
[PlyCount "109"]
[EventDate "2004.07.24"]
[EventType "swiss"]
[EventRounds "10"]
[EventCountry "DEN"]
[SourceDate "2004.01.01"]

1. e4 d5 2. exd5 Qxd5 3. Nc3 Qa5 4. d4 c6 5. Nf3 Bg4 6. Be2 e6 7. O-O Bd6 8.
Ne4 Qc7 9. c4 Nf6 10. Nxd6+ Qxd6 11. Be3 h5 12. Qb3 Qc7 13. Rfd1 Bxf3 14. Bxf3
Ng4 15. g3 Nxe3 16. Qxe3 h4 17. d5 hxg3 18. fxg3 Qb6 19. Qxb6 axb6 20. dxe6
fxe6 21. Bg4 Rh6 22. Rd6 e5 23. Rd2 c5 24. b3 Nc6 25. Re1 Kf8 26. Bd7 Nd4 27.
Rf2+ Rf6 28. Ref1 Ke7 29. Bh3 Kf7 30. Bg2 Rb8 31. Bd5+ Ke7 32. g4 b5 33. g5
Rxf2 34. Rxf2 b6 35. Rf7+ Kd6 36. Rxg7 Ne2+ 37. Kf2 Nc3 38. Rg6+ Kc7 39. h4
bxc4 40. Bxc4 Nxa2 41. Rf6 e4 42. g6 Re8 43. g7 e3+ 44. Ke1 e2 45. g8=Q Rxg8
46. Bxg8 Nb4 47. h5 b5 48. h6 c4 49. bxc4 bxc4 50. Bxc4 Kd7 51. h7 Nd3+ 52.
Bxd3 Ke7 53. h8=Q Kd7 54. Qg7+ Ke8 55. Rf8# 1-0

[Event "26. Copenhagen Open  (Politiken Cup)"]
[Site "Taastrup"]
[Date "2004.07.25"]
[Round "2"]
[White "Skjoldager, Flemming"]
[Black "Sammalvuo, Niina"]
[Result "0-1"]
[WhiteElo "2088"]
[BlackElo "2268"]
[PlyCount "136"]
[EventDate "2004.07.24"]
[EventType "swiss"]
[EventRounds "10"]
[EventCountry "DEN"]
[SourceDate "2004.01.01"]

1. e4 e5 2. Nf3 Nc6 3. Bb5 a6 4. Ba4 Nf6 5. d4 exd4 6. O-O Be7 7. Re1 O-O 8. e5
Ne8 9. Nxd4 Nxd4 10. Qxd4 b5 11. Bb3 c5 12. Qe4 Rb8 13. c3 Bb7 14. Qe2 d6 15.
Bf4 dxe5 16. Bxe5 Bd6 17. Nd2 Nf6 18. Rad1 Bxe5 19. Qxe5 Qb6 20. Bc2 Rfe8 21.
Qf4 Rbd8 22. Nf1 Bd5 23. Rxe8+ Rxe8 24. a3 a5 25. Ne3 Be6 26. h3 Rd8 27. Rxd8+
Qxd8 28. Nf5 Nd5 29. Qe5 Qf8 30. Be4 Nf6 31. Bd3 Nd7 32. Qc7 Qb8 33. Qxa5 Ne5
34. Be4 Nc4 35. Qa6 Nxb2 36. Ne7+ Kh8 37. Nc6 Qe8 38. Qxb5 Nc4 39. Qxc5 h6 40.
Nd4 Nd2 41. Qc6 Bd7 42. Qa8 Nxe4 43. Qxe8+ Bxe8 44. c4 f6 45. g3 Nc5 46. Kf1
Bf7 47. Ke2 Bxc4+ 48. Ke3 Kg8 49. Nf5 Be6 50. g4 Kf7 51. Ng3 Ke7 52. Kd4 Na4
53. f4 Bb3 54. h4 Bd1 55. Nf5+ Kf7 56. Ne3 Be2 57. f5 Ke7 58. Ke4 Nc3+ 59. Kf4
Kd6 60. Nc2 Nd5+ 61. Kg3 Ke5 62. Ne1 Nc3 63. h5 Ne4+ 64. Kh4 Kf4 65. a4 Bf1 66.
a5 Ng5 67. a6 Bxa6 68. Nd3+ Ke3 0-1

[Event "26. Copenhagen Open  (Politiken Cup)"]
[Site "Taastrup"]
[Date "2004.07.25"]
[Round "2"]
[White "Stolberg Rohr, Thomine"]
[Black "Joensen, Hjalmar"]
[Result "1/2-1/2"]
[WhiteElo "2043"]
[BlackElo "1618"]
[PlyCount "40"]
[EventDate "2004.07.24"]
[EventType "swiss"]
[EventRounds "10"]
[EventCountry "DEN"]
[SourceDate "2004.01.01"]

1. e4 c5 2. Nc3 Nc6 3. f4 e6 4. Nf3 Nge7 5. g3 g6 6. Bg2 Bg7 7. d3 d5 8. O-O
O-O 9. Qe2 a6 10. a4 Qc7 11. Nh4 d4 12. Nd1 Bd7 13. f5 exf5 14. Bf4 Be5 15.
Bxe5 Nxe5 16. Nf2 Rae8 17. Qd2 Kg7 18. Rae1 h6 19. Nh3 Ng4 20. c3 Ne3 1/2-1/2

[Event "26. Copenhagen Open  (Politiken Cup)"]
[Site "Taastrup"]
[Date "2004.07.25"]
[Round "2"]
[White "Sondergaard, Bent Hvid"]
[Black "Jensen, Jannick"]
[Result "1-0"]
[WhiteElo "1488"]
[BlackElo "1994"]
[PlyCount "115"]
[EventDate "2004.07.24"]
[EventType "swiss"]
[EventRounds "10"]
[EventCountry "DEN"]
[SourceDate "2004.01.01"]

1. d4 Nf6 2. Nf3 d6 3. Nc3 Bg4 4. e3 Nbd7 5. Be2 e5 6. dxe5 dxe5 7. O-O a6 8.
Nd2 Bf5 9. Bf3 Rb8 10. a3 Bc5 11. Qe2 Bxc2 12. Nde4 Bxe4 13. Nxe4 Nxe4 14. Bxe4
Nf6 15. Rd1 Qe7 16. Bc2 O-O 17. b4 Bd6 18. Bb2 Rfe8 19. f3 c5 20. bxc5 Bxc5 21.
Kh1 Rbd8 22. a4 Rd6 23. Rxd6 Qxd6 24. e4 Nh5 25. g3 Nf6 26. Rd1 Qb6 27. Rb1 Qc7
28. Rd1 Nd7 29. Bc3 Nb8 30. Rd5 b6 31. Qd3 h6 32. Bb3 Re7 33. Bc4 a5 34. Bb5
Nc6 35. Bxc6 Qxc6 36. Qc4 Qc7 37. Bxa5 Bd4 38. Qxc7 Rxc7 39. Bb4 Rc1+ 40. Kg2
Rg1+ 41. Kh3 Rb1 42. Rb5 Rb2 43. Bd6 f6 44. Rxb2 Bxb2 45. Bb4 Bd4 46. a5 b5 47.
Kg2 Kf7 48. Kf1 h5 49. Ke2 Ke6 50. Kd3 g6 51. h3 f5 52. g4 fxg4 53. fxg4 hxg4
54. hxg4 Kd7 55. Bc3 Bxc3 56. Kxc3 Kc6 57. Kb4 g5 58. a6 1-0

[Event "26. Copenhagen Open  (Politiken Cup)"]
[Site "Taastrup"]
[Date "2004.07.25"]
[Round "2"]
[White "Taksrud, Vidar"]
[Black "Trygstad, Kristian"]
[Result "0-1"]
[WhiteElo "1954"]
[BlackElo "2265"]
[PlyCount "74"]
[EventDate "2004.07.24"]
[EventType "swiss"]
[EventRounds "10"]
[EventCountry "DEN"]
[SourceDate "2004.01.01"]

1. Nf3 Nf6 2. c4 g6 3. Nc3 Bg7 4. g3 O-O 5. Bg2 d6 6. O-O e5 7. d3 Nc6 8. Rb1
a5 9. a3 h6 10. Bd2 Be6 11. b4 axb4 12. axb4 Qd7 13. b5 Ne7 14. Qc1 Kh7 15. Rd1
Nh5 16. Ne1 Rab8 17. Nd5 f5 18. b6 c6 19. Nc7 Bg8 20. f4 exf4 21. gxf4 Bd4+ 22.
Be3 Nxf4 23. Bf3 Bxe3+ 24. Qxe3 Ne6 25. Nxe6 Qxe6 26. Qf2 Ra8 27. Ra1 Qf6 28.
Ra7 Rab8 29. Rda1 d5 30. c5 f4 31. R1a4 g5 32. h4 Nf5 33. Ng2 Be6 34. Kh2 Rg8
35. hxg5 hxg5 36. Bg4 Qh6+ 37. Kg1 Ng3 0-1

[Event "26. Copenhagen Open  (Politiken Cup)"]
[Site "Taastrup"]
[Date "2004.07.25"]
[Round "2"]
[White "Thomassen, Joachim"]
[Black "Wilsbeck, Jan Borge"]
[Result "0-1"]
[WhiteElo "1462"]
[BlackElo "1973"]
[PlyCount "98"]
[EventDate "2004.07.24"]
[EventType "swiss"]
[EventRounds "10"]
[EventCountry "DEN"]
[SourceDate "2004.01.01"]

1. Nf3 c5 2. c4 Nf6 3. Nc3 Nc6 4. d4 cxd4 5. Nxd4 e5 6. Ndb5 d6 7. Bg5 a6 8.
Na3 h6 9. Bxf6 gxf6 10. e4 f5 11. Nc2 fxe4 12. Nxe4 Bf5 13. Bd3 Bxe4 14. Bxe4
Qa5+ 15. Kf1 Qc7 16. Rc1 Be7 17. h4 Qd7 18. Qf3 h5 19. Bf5 Qc7 20. b4 Nd8 21.
Ne3 Ne6 22. Nd5 Qd8 23. Qg3 Kf8 24. Bxe6 fxe6 25. Qg6 exd5 26. Rh3 e4 27. Rcc3
Bf6 28. Rcf3 exf3 29. Rxf3 Ke7 30. Rxf6 Qg8 31. Qd3 Kxf6 32. Qd4+ Ke7 33. Qe3+
Kd7 34. Qb6 Rc8 35. Qxb7+ Rc7 36. Qxa6 dxc4 37. Qb5+ Ke7 38. Qb6 Qb8 39. Qe3+
Kd7 40. Qh3+ Kd8 41. Qf5 Re8 42. Qg5+ Rce7 43. Qa5+ Qc7 44. Qa8+ Kd7 45. Qa4+
Ke6 46. Qc2 d5 47. Qg6+ Kd7 48. Qf5+ Kc6 49. b5+ Kc5 0-1

[Event "26. Copenhagen Open  (Politiken Cup)"]
[Site "Taastrup"]
[Date "2004.07.25"]
[Round "2"]
[White "Thorgeirsson, Sverrir"]
[Black "Bjerke, Silje"]
[Result "0-1"]
[WhiteElo "1360"]
[BlackElo "2094"]
[PlyCount "58"]
[EventDate "2004.07.24"]
[EventType "swiss"]
[EventRounds "10"]
[EventCountry "DEN"]
[SourceDate "2004.01.01"]

1. e4 c5 2. Nf3 d6 3. d4 cxd4 4. Nxd4 Nf6 5. Nc3 a6 6. a3 e5 7. Nf3 Be7 8. Bc4
O-O 9. Be3 Nbd7 10. h3 b5 11. Bd5 Nxd5 12. Nxd5 Bb7 13. O-O f5 14. Qd3 f4 15.
Bd2 Nc5 16. Qe2 Bxd5 17. exd5 e4 18. Nd4 f3 19. gxf3 exf3 20. Nxf3 Qd7 21. Kh2
Rae8 22. Be3 Qf5 23. Bxc5 dxc5 24. Kg2 Qg6+ 25. Kh1 Bd6 26. Qd1 Qf5 27. Kg2 Rf6
28. Nh4 Qe4+ 29. Nf3 Ref8 0-1

[Event "26. Copenhagen Open  (Politiken Cup)"]
[Site "Taastrup"]
[Date "2004.07.25"]
[Round "2"]
[White "Tuomisto, Keijo"]
[Black "Hein, Jacob"]
[Result "1-0"]
[WhiteElo "1951"]
[BlackElo "1351"]
[PlyCount "63"]
[EventDate "2004.07.24"]
[EventType "swiss"]
[EventRounds "10"]
[EventCountry "DEN"]
[SourceDate "2004.01.01"]

1. e4 e6 2. d4 d5 3. Nd2 c5 4. exd5 exd5 5. dxc5 Nc6 6. Nb3 Bf5 7. Bd3 Be6 8.
Nf3 Be7 9. O-O h5 10. Nfd4 Nxd4 11. Nxd4 Bg4 12. f3 Bxc5 13. Re1+ Ne7 14. Be3
Qb6 15. c3 O-O-O 16. fxg4 hxg4 17. Qxg4+ Kb8 18. Qg3+ Bd6 19. Bf4 Nc8 20. Kh1
g5 21. Bxd6+ Nxd6 22. Nb5 Ka8 23. Qe3 d4 24. Qxd4 Qxd4 25. Nxd4 Ne8 26. Kg1 a6
27. Re7 Nf6 28. Rf1 Nd5 29. Rexf7 Ne3 30. Rb1 Ng4 31. Bxa6 Rxh2 32. Bxb7+ 1-0

[Event "26. Copenhagen Open  (Politiken Cup)"]
[Site "Taastrup"]
[Date "2004.07.25"]
[Round "2"]
[White "Vedelfort, Tommy"]
[Black "Andreasen, Per Naesby"]
[Result "0-1"]
[WhiteElo "1867"]
[BlackElo "2309"]
[PlyCount "124"]
[EventDate "2004.07.24"]
[EventType "swiss"]
[EventRounds "10"]
[EventCountry "DEN"]
[SourceDate "2004.01.01"]

1. d4 Nf6 2. Nf3 d5 3. e3 g6 4. Be2 Bg7 5. O-O O-O 6. Nbd2 c5 7. c4 cxd4 8.
Nxd4 Nc6 9. N2f3 Ne4 10. cxd5 Qxd5 11. Nxc6 Qxc6 12. Nd4 Qb6 13. Bf3 Ng5 14.
Qa4 e5 15. Ne2 Nxf3+ 16. gxf3 Rd8 17. Qh4 Bd7 18. Nc3 Bc6 19. e4 Rd3 20. Kg2
Rad8 21. Re1 f6 22. Re2 Qa6 23. Rc2 Qc4 24. Bh6 Bxh6 25. Qxh6 Rxf3 26. Kxf3
Qd3+ 27. Kg2 Qxc2 28. Qh3 Bxe4+ 29. Nxe4 Qxe4+ 30. Kg1 f5 31. Qb3+ Kg7 32. Rc1
Rd7 33. Qe6 Qg4+ 34. Kf1 Rd1+ 35. Rxd1 Qxd1+ 36. Kg2 Qg4+ 37. Kf1 Qe4 38. Qe7+
Kh6 39. h4 Qh1+ 40. Ke2 Qe4+ 41. Kf1 Qc4+ 42. Kg2 Qg4+ 43. Kf1 f4 44. Qxb7 Qxh4
45. Qe4 Qh3+ 46. Ke1 Qe6 47. a3 Qf5 48. Qh1+ Kg7 49. Qb7+ Kf6 50. Qxa7 Qb1+ 51.
Ke2 Qxb2+ 52. Kf3 Qb3+ 53. Kg2 h5 54. Qc5 Kf5 55. Qf8+ Kg4 56. Qc8+ Kh4 57.
Qd8+ g5 58. Qd7 Qxa3 59. Qf5 Qa8+ 60. f3 Qa2+ 61. Kg1 Qe2 62. Qe6 Kg3 0-1

[Event "26. Copenhagen Open  (Politiken Cup)"]
[Site "Taastrup"]
[Date "2004.07.25"]
[Round "2"]
[White "Vuilleumier, Alex"]
[Black "Taylor, Phil"]
[Result "1-0"]
[WhiteElo "2259"]
[BlackElo "2075"]
[PlyCount "111"]
[EventDate "2004.07.24"]
[EventType "swiss"]
[EventRounds "10"]
[EventCountry "DEN"]
[SourceDate "2004.01.01"]

1. e4 c6 2. d4 d5 3. Nc3 dxe4 4. Nxe4 Bf5 5. Ng3 Bg6 6. h4 h6 7. Nf3 Nd7 8. h5
Bh7 9. Bd3 Bxd3 10. Qxd3 e6 11. Bf4 Qa5+ 12. Bd2 Qc7 13. O-O-O Ngf6 14. Ne4
O-O-O 15. g3 Nxe4 16. Qxe4 Bd6 17. Qe2 Rhe8 18. Rhe1 e5 19. dxe5 Nxe5 20. Nxe5
Rxe5 21. Qg4+ f5 22. Qg6 Qd7 23. Bc3 Rxe1 24. Rxe1 Be5 25. Rh1 Bxc3 26. bxc3
Qd5 27. Rh4 Qxa2 28. Qxf5+ Rd7 29. Rd4 Qf7 30. Qxf7 Rxf7 31. f4 Kc7 32. g4 b5
33. g5 a5 34. c4 hxg5 35. fxg5 Rf1+ 36. Kb2 Rh1 37. cxb5 Rxh5 38. Rc4 Rxg5 39.
Rxc6+ Kb7 40. c4 Rg3 41. Ra6 Rg4 42. Kc3 Rg3+ 43. Kd2 Rg2+ 44. Ke3 Rg3+ 45. Kd4
Rg4+ 46. Kc5 Rg5+ 47. Kd6 Rg6+ 48. Kd7 Rg4 49. c5 Rd4+ 50. Rd6 Rxd6+ 51. Kxd6
Kc8 52. c6 a4 53. c7 a3 54. Kc6 a2 55. b6 a1=Q 56. b7# 1-0

[Event "26. Copenhagen Open  (Politiken Cup)"]
[Site "Taastrup"]
[Date "2004.07.25"]
[Round "2"]
[White "Ziska, Andrias"]
[Black "Kotiranta, Vinni"]
[Result "1-0"]
[WhiteElo "1804"]
[BlackElo "1150"]
[PlyCount "97"]
[EventDate "2004.07.24"]
[EventType "swiss"]
[EventRounds "10"]
[EventCountry "DEN"]
[SourceDate "2004.01.01"]

1. e4 b6 2. Nf3 Bb7 3. Nc3 d6 4. d4 g6 5. Be3 Bg7 6. Qd2 Nf6 7. Bd3 O-O 8. Bh6
Re8 9. Bxg7 Kxg7 10. O-O-O Nc6 11. Kb1 a6 12. h3 b5 13. Rde1 b4 14. Nd1 a5 15.
g4 e5 16. d5 Nd4 17. Nxd4 exd4 18. f3 c6 19. dxc6 Bxc6 20. Nf2 Qb6 21. h4 Re5
22. f4 Rc5 23. Rhg1 a4 24. h5 b3 25. cxb3 axb3 26. a3 Bb5 27. hxg6 Bxd3+ 28.
Nxd3 Rc2 29. Qb4 Qxb4 30. Nxb4 Rh2 31. gxh7 Kxh7 32. g5 Nd7 33. Rd1 d3 34. Rxd3
Nc5 35. Rxd6 Nxe4 36. Rd7 Rf8 37. g6+ Kg7 38. Nd5 Rh6 39. f5 Ng3 40. gxf7 Rxf7
41. Rxg3+ Kh8 42. Rd8+ Kh7 43. Rxb3 Rxf5 44. Rb7+ Kg6 45. Ne7+ Kg5 46. Rg8+ Kf6
47. Rf8+ Ke5 48. Rxf5+ Ke6 49. Ra5 1-0

[Event "26. Copenhagen Open  (Politiken Cup)"]
[Site "Taastrup"]
[Date "2004.07.25"]
[Round "2"]
[White "Ziska, Helgi Dam"]
[Black "Petersen, Peter Birk"]
[Result "0-1"]
[WhiteElo "1604"]
[BlackElo "2214"]
[PlyCount "52"]
[EventDate "2004.07.24"]
[EventType "swiss"]
[EventRounds "10"]
[EventCountry "DEN"]
[SourceDate "2004.01.01"]

1. e4 c5 2. Nf3 e6 3. d3 d5 4. Nbd2 Nc6 5. g3 Nf6 6. Bg2 Be7 7. O-O O-O 8. Re1
b5 9. e5 Nd7 10. Nf1 a5 11. h4 b4 12. Bf4 Qe8 13. Ng5 a4 14. c4 bxc3 15. bxc3
Ra6 16. c4 Nb6 17. cxd5 exd5 18. Ne3 h6 19. Nf3 Be6 20. Rc1 a3 21. g4 Nb4 22.
Qd2 Qd7 23. g5 h5 24. Bf1 d4 25. Nc4 N6d5 26. Bg2 Nxd3 0-1

[Event "26. Copenhagen Open  (Politiken Cup)"]
[Site "Taastrup"]
[Date "2004.07.25"]
[Round "2"]
[White "Zyde, Fadmal"]
[Black "Frisk, Ellinor"]
[Result "0-1"]
[WhiteElo "1522"]
[BlackElo "2007"]
[PlyCount "104"]
[EventDate "2004.07.24"]
[EventType "swiss"]
[EventRounds "10"]
[EventCountry "DEN"]
[SourceDate "2004.01.01"]

1. e4 c5 2. Nf3 d6 3. h3 Nc6 4. Nc3 g6 5. Bc4 Bg7 6. Ng5 e6 7. d3 Nge7 8. Bf4
a6 9. a3 O-O 10. h4 h6 11. Nf3 d5 12. exd5 exd5 13. Ba2 Re8 14. O-O Bg4 15. Qd2
Bxf3 16. gxf3 Nd4 17. Kg2 Kh7 18. Rae1 Qd7 19. Bg3 Rad8 20. Nd1 Qf5 21. Re3 h5
22. Rfe1 Bh6 23. c3 Nxf3 24. Rxf3 Qxf3+ 25. Kxf3 Bxd2 26. Re5 Bh6 27. c4 dxc4
28. Bxc4 Nf5 29. Rxc5 Nxg3 30. Kxg3 Re7 31. Nc3 b5 32. Bd5 Red7 33. Ne4 Kg7 34.
Nc3 Bd2 35. Be4 Bxc3 36. Rxc3 f5 37. Bf3 Rxd3 38. Rc7+ R8d7 39. Rc6 R7d4 40.
Kg2 Rxh4 41. Rxa6 Rf4 42. Bc6 Rd2 43. Ra7+ Kf6 44. Bxb5 Rfxf2+ 45. Kg1 Rg2+ 46.
Kf1 Rxb2 47. a4 Rgc2 48. Ra6+ Ke5 49. Kg1 Rc1+ 50. Bf1 Rbb1 51. Rxg6 Rxf1+ 52.
Kg2 Rg1+ 0-1

[Event "26. Copenhagen Open  (Politiken Cup)"]
[Site "Taastrup"]
[Date "2004.07.25"]
[Round "3"]
[White "Aabling Thomsen, Jakob"]
[Black "Moller, Arne"]
[Result "1-0"]
[WhiteElo "2139"]
[BlackElo "1936"]
[PlyCount "35"]
[EventDate "2004.07.24"]
[EventType "swiss"]
[EventRounds "10"]
[EventCountry "DEN"]
[SourceDate "2004.01.01"]

1. e4 c5 2. Nf3 d6 3. d4 cxd4 4. Qxd4 Nc6 5. Bb5 Bd7 6. Bxc6 Bxc6 7. Nc3 Qc7 8.
Bg5 O-O-O 9. Qxa7 f6 10. Be3 Qb8 11. Qa5 g5 12. Ba7 Qa8 13. Nd4 Rd7 14. Ne6 Nh6
15. Qb6 Ng4 16. a4 Ne5 17. Nb5 Bh6 18. Nbc7 1-0